• 首页
  • 本馆介绍
  • 公告通知
  • 最新文献
  • 馆藏检索
  • 电子资源
  • 读者导购
  • 参考咨询
  • 我的图书馆
  • 登录
  • 详细信息显示
  • 放入我的书架
  • 预约/预借图书
  • 作者相关作品
  • 分类相关作品
  • 丛书相关作品
  • 出版社相关作品

书目信息

  • 表格格式
  • 工作单格式
  • 卡片格式
题名:
NOVELL工程师指南
    
 
作者: ;国际电子报社 编著
分册:  
出版信息: 北京   电子工业出版社  1997
页数: 24,617页
开本: 26cm
丛书名:
单 册:
中图分类: TP393.1
科图分类: 73.879
主题词: 局部区域网络--基本知识 , 局部区域网络
电子资源:
ISBN: 7-5053-3139-6
000 00726nam0 2200253 450
001 0197037543
005 20100713014532.0
010    @a7-5053-3139-6@dCNY66.00
011    @a7-5053-3139-6
100    @a19971107d1997 em y0chiy0110 ea
101 0  @achi
102    @aCN@b110000
105    @ay z 000yy
106    @ar
200 1  @aNOVELL工程师指南@9N O V E L L Gong Cheng Shi Zhi Nan;Na @f国际电子报社编著
210    @a北京@c电子工业出版社@d1997
215    @a24,617页@d26cm
606 0  @a局部区域网络@x基本知识
606 0  @a局部区域网络
690    @aTP393.1@v3
692    @a73.879@v2
711 02 @a国际电子报社@9guo ji dian zi bao she@4编著
801  0 @aCN@b91MARC@c20130904
905    @aBZT@dTP393.1@e98@f1@sTP393.1/98
    
    NOVELL工程师指南/国际电子报社编著.-北京:电子工业出版社,1997
    24,617页;26cm
    
    
    ISBN 7-5053-3139-6:CNY66.00
    
●
相关链接 在五车中查询图书 在当当中查询图书 在豆瓣中查询图书


正题名:NOVELL工程师指南     索取号:TP393.1/98         预约/预借

序号 登录号 条形码 馆藏地/架位号 状态 备注
1 2000043059   2000043059   旧书回溯/ [索取号:TP393.1/98] 在馆    
山东省滨州职业学院图书馆 欢迎您!
大连网信软件有限公司© 版权所有